00325nam a2200145Ia 45000030006000000080041000060400015000471000041000622450022001032500010001252600009001353000006001445460012001500050017001620STCL150530s9999 xx 000 0 und d aSTCLcSTCL aDouglas A Pucknell;Kamran Eghraghian aBasic VISI design aThird c2004 a0 aEnglish20220125170525.0